Statistics for Terraria True or False?

Click here to take the quiz!

General Stats

  • This quiz has been taken 12 times
  • The average score is 6 of 10

Answer Stats

QuestionAnswer% Correct
there are various foodsTrue
100%
santa is a tankTrue
78%
different platforms have varying contentTrue
78%
Items can breakFalse
67%
you can fight a dragonTrue
67%
the final boss has 5 different eyesTrue
56%
The final boss can drop 11 different thingsFalse
44%
terraria has over 10000 different itemsFalse
33%
each of the hardmode "moon" events have a total of 15 waves eachTrue
33%
wings can grant you flightFalse
11%

Score Distribution

Percentile by Number Answered

Percent of People with Each Score

Your Score History

You have not taken this quiz